LIBRARY & INFORMATION CENTRE, KCAET, TAVANUR

ONLINE PUBLIC ACCESS CATALOGUE (OPAC)

Normal view MARC view
  • Biotechnology

Entry Topical Term

Number of records used in: 1

001 - CONTROL NUMBER

  • control field: 147

003 - CONTROL NUMBER IDENTIFIER

  • control field: OSt

005 - DATE AND TIME OF LATEST TRANSACTION

  • control field: 20141210113556.0

008 - FIXED-LENGTH DATA ELEMENTS

  • fixed length control field: 141210|| aca||aabn | a|a d

040 ## - CATALOGING SOURCE

  • Original cataloging agency: OSt
  • Transcribing agency: OSt

150 ## - HEADING--TOPICAL TERM

  • Topical term or geographic name as entry element: Biotechnology

670 ## - SOURCE DATA FOUND

  • Source citation: Work cat.: (OSt): Balasubramanian, D Bryce, C F A Dharmalingam,K etc 146, Concepts in Biotechnology , 2007
free website counter